The Anaesthetic Effects of Sodium Bicarbonate (Baking Soda) on Greeheaded Tilapia (Oreochromis Macrochir, Boulenger 1912) Broodstock/ (Record no. 1761)
[ view plain ]
| 000 -LEADER | |
|---|---|
| fixed length control field | 00757nam a22002297a 4500 |
| 005 - DATE AND TIME OF LATEST TRANSACTION | |
| control field | 20250303125627.0 |
| 008 - FIXED-LENGTH DATA ELEMENTS--GENERAL INFORMATION | |
| fixed length control field | 250303b |||||||| |||| 00| 0 eng d |
| 040 ## - CATALOGING SOURCE | |
| Original cataloging agency | KMU |
| Transcribing agency | KMU |
| Modifying agency | KMU |
| 100 ## - MAIN ENTRY--PERSONAL NAME | |
| Personal name | Hasimuna, Oliver Jolezya |
| 245 ## - TITLE STATEMENT | |
| Title | The Anaesthetic Effects of Sodium Bicarbonate (Baking Soda) on Greeheaded Tilapia (Oreochromis Macrochir, Boulenger 1912) Broodstock/ |
| Statement of responsibility, etc. | Hasimuna, Oliver Jolezya |
| 260 ## - PUBLICATION, DISTRIBUTION, ETC. | |
| Place of publication, distribution, etc. | Chinsali; |
| Name of publisher, distributor, etc. | KMU, |
| Date of publication, distribution, etc. | 2018. |
| 300 ## - PHYSICAL DESCRIPTION | |
| Extent | xii, 45p.: |
| Other physical details | ill.; |
| Dimensions | 29 cm. |
| 650 ## - SUBJECT ADDED ENTRY--TOPICAL TERM | |
| Topical term or geographic name entry element | Fisheries and Aquaculture. |
| 650 ## - SUBJECT ADDED ENTRY--TOPICAL TERM | |
| Topical term or geographic name entry element | Anaesthetic. |
| 650 ## - SUBJECT ADDED ENTRY--TOPICAL TERM | |
| Topical term or geographic name entry element | Sodium Bicarbonate. |
| 650 ## - SUBJECT ADDED ENTRY--TOPICAL TERM | |
| Topical term or geographic name entry element | Baking Soda. |
| 650 ## - SUBJECT ADDED ENTRY--TOPICAL TERM | |
| Topical term or geographic name entry element | Greeheaded Tilapia. |
| 650 ## - SUBJECT ADDED ENTRY--TOPICAL TERM | |
| Topical term or geographic name entry element | Oreochromis Macrochir. |
| 650 ## - SUBJECT ADDED ENTRY--TOPICAL TERM | |
| Topical term or geographic name entry element | Boulenger 1912. |
| 650 ## - SUBJECT ADDED ENTRY--TOPICAL TERM | |
| Topical term or geographic name entry element | Broodstock. |
| 942 ## - ADDED ENTRY ELEMENTS (KOHA) | |
| Koha item type | Student Project Report |
| Suppress in OPAC | No |
| Withdrawn status | Lost status | Damaged status | Not for loan | Collection | Home library | Current library | Shelving location | Date acquired | Source of acquisition | Total Checkouts | Date last seen | Price effective from | Koha item type |
|---|---|---|---|---|---|---|---|---|---|---|---|---|---|
| Reference | Kapasa Makasa University | Kapasa Makasa University | Reference | 03.03.2025 | KMU | 03.03.2025 | 03.03.2025 | Student Project Report |